000 00554cab a2200241 4500
001 WB3534-28
008 090401t1999 xxu||||| |||| 00| 0 eng d
035 _a(Sirsi) u127
041 _aeng
245 _aConstruction decline
260 _c1999
350 _a0
490 _aFinancial Times
_v2 September 1999, 3(1)
650 _aCONSTRUCTION MARKET
650 _aDECLINE
650 _aECONOMY
650 _aRECESSION
650 _aSPENDING
650 _aUNITED STATES
690 _aOVERSEAS-NORTH AMERICA
942 _n0
948 _c02/09/1999
999 _c47
_d47